Teleprocessing network organization
Na minha lista:
| Autor principal: | |
|---|---|
| Formato: | Livro |
| Idioma: | inglês |
| Publicado em: |
Englewood Cliffs
Prentice-Hall
1970
|
| coleção: | Prentice-Hall Series in Automatic Computation
|
| Assuntos: | |
| Tags: |
Adicionar Tag
Sem tags, seja o primeiro a adicionar uma tag!
|
MARC
| LEADER | 00000nam a2200000 a 4500 | ||
|---|---|---|---|
| 001 | UCU6050 | ||
| 003 | CL-VaPUC | ||
| 008 | 960614e19700000us |||||||||||||||||eng|d | ||
| 082 | 0 | 4 | |a 621.382 |b MAR |2 21 |
| 100 | |a Martin, James Thomas |e autor |9 454119 | ||
| 245 | 1 | 0 | |a Teleprocessing network organization |
| 300 | |a 290 p | ||
| 942 | |c BK | ||
| 945 | |d 19960614 00:00:00 |a lriquelm | ||
| 260 | |a Englewood Cliffs |b Prentice-Hall |c 1970 | ||
| 650 | 0 | |a Telecomunicaciones |9 257195 | |
| 650 | 7 | |a SISTEMAS TELEFONICOS |2 CL-VaPUC |9 359642 | |
| 650 | 7 | |a EQUIPO TELEFONICO |2 CL-VaPUC |9 363368 | |
| 650 | 0 | |a Redes de información |9 230208 | |
| 650 | 7 | |a COMUNICACIONES POR RADIO |2 CL-VaPUC |9 364165 | |
| 583 | |a last modification |c 20190713 21:44:18 |k Rodrigo Vera | ||
| 490 | 0 | |a Prentice-Hall Series in Automatic Computation | |
| 999 | |c 249122 |d 249120 | ||
| 952 | |0 0 |1 0 |4 0 |6 621_382000000000000_MAR_1970 |7 0 |8 P |9 266164 |a BIBING |b BIBING |d 2019-11-19 |i 1680846 |o 621.382 MAR 1970 |p 1680846 |r 2025-01-20 |w 2019-11-19 |y BK |k CCI | ||